000 00930nam a22002297a 4500
999 _c7953
_d7953
003 AR-CdUCM
008 190321b ||||| |||| 00| 0 spa d
040 _aMUNICIPALIDAD PROVINCIAL DEL CUSCO
_cBIBLIOTECA MUNICIPAL DEL CUSCO
082 _a610.730692 /
_bB46
100 _aBertolasi, Carlos A.
_922473
245 _aUnidad coronaria :
_brol de la enfermera /
260 _aBuenos Aires :
_bIntermédica,
_c1972.
300 _a220 páginas ;
_bfiguras, tablas,
_c26 cm.
505 _aContenido:Dinámica y resultados -- Fundamentos anatómicos, fisiopatológicos y de semiología -- Infarto agudo de miocardio y sus complicaciones -- Tratamiento -- Detención circulatoria ...
650 _aEnfermería como profesión
_922474
650 _aCardiología
_922475
650 _aRol
_922476
700 _aTrongé, Jorge (coautor)
_922477
700 _aCarreño, Cesar (colaborador)
_922478
942 _2ddc
_cLIBROS
945 _aachl